|
|
|
|
| LEADER |
01004nab a2200277 i 4500 |
| 001 |
misc62065 |
| 005 |
20240830081515.0 |
| 008 |
240424s1965 hu o 000 eng d |
| 040 |
|
|
|a SZTE Miscellanea Repozitórium
|b hun
|
| 041 |
|
|
|a eng
|
| 041 |
|
|
|a tur
|
| 041 |
|
|
|a pol
|
| 100 |
1 |
|
|a Reychman Jan
|
| 245 |
1 |
0 |
|a Turcica. Die europäische Türkendrucke des XVI. Jahrhunderts. I. Band. MDI-MDL. Von Carl Göllner, Bucureşti - Berlin, 1961
|h [elektronikus dokumentum] :
|b review /
|c Reychman Jan
|
| 260 |
|
|
|c 1965
|
| 300 |
|
|
|a 117-119
|c 24 cm
|
| 300 |
|
|
|a [3] p.
|c 24 cm
|
| 490 |
0 |
|
|a Rocznik orientalistyczny
|
| 561 |
|
|
|a Németh Gyula hagyaték
|
| 591 |
|
|
|a LOA 3098; NOA 4886
|
| 650 |
|
4 |
|a Bölcsészettudományok
|
| 650 |
|
4 |
|a Történettudomány és régészet
|
| 650 |
|
4 |
|a Nyelvek és irodalom
|
| 695 |
|
|
|a Nyomtatványok - török - 16. sz. - bibliográfia - könyvismertetés
|
| 700 |
0 |
1 |
|a Göllner Carl
|
| 856 |
4 |
0 |
|u http://misc.bibl.u-szeged.hu/62065/1/4886_noa.pdf
|z Dokumentum-elérés
|